Irrigations du midi de l'Espagne (Record no. 102782)

MARC details
000 -LEADER
campo de control de longitud fija 01267nam a2200277 i 4500
001 - NÚMERO DE CONTROL
campo de control 102782
003 - IDENTIFICADOR DE NÚMERO DE CONTROL
campo de control ES-MaACL
005 - FECHA Y HORA DE LA ÚLTIMA TRANSACCIÓN
campo de control 20230906183200.0
007 - CAMPO FIJO DE DESCRIPCIÓN FÍSICA--INFORMACIÓN GENERAL
campo de control de longitud fija t|
008 - DATOS DE LONGITUD FIJA--INFORMACIÓN GENERAL
campo de control de longitud fija 051205s1864 fr be ||||1| fre d
080 ## - NÚMERO DE LA CLASIFICACIÓN DECIMAL UNIVERSAL
Número de la Clasificación Decimal Universal 631.587(460.31)
080 ## - NÚMERO DE LA CLASIFICACIÓN DECIMAL UNIVERSAL
Número de la Clasificación Decimal Universal 631.587(460.33)
100 1# - ENTRADA PRINCIPAL--NOMBRE DE PERSONA
Nombre de persona Aymard, Maurice.
9 (RLIN) 24173
245 10 - MENCIÓN DEL TÍTULO
Título Irrigations du midi de l'Espagne
Resto del título : études sur les grands trabaux hydrauliques et le régime administratif des arrosages de cette contrée /
Mención de responsabilidad, etc. par Maurice Aymard... ; précédé d'un rapport de M. Lebasteur... ; publiée avec l'au torisation de S. Exc. M. le Maréchal, duc de Malakoff.
260 ## - PUBLICACIÓN, DISTRIBUCIÓN, ETC.
Lugar de publicación, distribución, etc. Paris :
Nombre del editor, distribuidor, etc. Eugéne Lacroix...,
Fecha de publicación, distribución, etc. 1864 (
Fabricante Typographie Hennuyer et fils)
300 ## - DESCRIPCIÓN FÍSICA
Extensión 2 v. ;
Dimensiones 22, 32 x 48 cm.
490 1# - MENCIÓN DE SERIE
Mención de serie Publications scientifiques, industrielles & agricoles de E. Lacroix
505 8# - NOTA DE CONTENIDO CON FORMATO
Nota de contenido con formato v. 1: texto. -- v. 2: Atlas
650 #4 - PUNTO DE ACCESO ADICIONAL DE MATERIA--TÉRMINO DE MATERIA
Término de materia o nombre geográfico como elemento de entrada Cultivos de regadío-
Subdivisión geográfica Comunidad Valenciana.
9 (RLIN) 11516
650 14 - PUNTO DE ACCESO ADICIONAL DE MATERIA--TÉRMINO DE MATERIA
Término de materia o nombre geográfico como elemento de entrada Cultivos de regadío-
Subdivisión geográfica Murcia (Comunidad Autónoma)
9 (RLIN) 11515
700 1# - ENTRADA AGREGADA--NOMBRE PERSONAL
Nombre de persona Lebasteur, H.
9 (RLIN) 70999
700 1# - ENTRADA AGREGADA--NOMBRE PERSONAL
Nombre de persona Malakoff, Aimable-Jean-Jacques Pélissier, duc de.
9 (RLIN) 75681
830 0# - PUNTO DE ACCESO ADICIONAL DE SERIE-TÍTULO UNIFORME
Título uniforme Publications scientifiques, industrielles & agricoles de E. Lacroix
9 (RLIN) 232539
852 ## - LOCALIZACIÓN
Ubicación ES-MaACL
Número de control de estantería GF-5-6
Holdings
Estatus retirado Estado de pérdida Estado de daño No para préstamo Colección Biblioteca de origen Biblioteca actual Ubicación en estantería Fecha de adquisición Fuente de adquisición Total de préstamos Signatura topográfica completa Código de barras Visto por última vez Precio de reemplazo Tipo de ítem Koha
        Libros del s. XIX Biblioteca del Ateneo de Madrid Biblioteca del Ateneo de Madrid Depósito 2 17/01/2008     GF-5-6 1107292 23/02/2023 23/02/2023 Libro impreso antiguo